00365nam a2200121Ia 450000500170000000800410001710000210005824500970007925000110017626000250018730000110021265000200022320260328101520.0260328s9999||||xx |||||||||||||| ||und|| aBohl, Charles C. 0aPlace making :b developing Town centers, main streets and Urban villAges /cCharles C. Bohl a4a ed. bUrban Land Institute a305 p. aDISEÑO URBANO